E-learning - ekonomické vzdelávanie pomocou videokonferenčných systémov

Videokonferencia - moderný spôsob komunikácie. Pojmy vo videokonferenčnom systéme. Videokonferenčné režimy spojenia - najpoužívanejšie spôsoby spojenia. Skúsenosti z využitia videokonferencií v pedagogickom procese. Výhody videokonferenčného prenosu.

Salvato in:
Dettagli Bibliografici
Autore principale: Mlynčár, Vladislav, 1962-
Natura: Capitolo di libro
Lingua:slovacco
Soggetti:
Tags: Aggiungi Tag
Nessun Tag, puoi essere il primo ad aggiungerne!!

MARC

LEADER 00000nla$a2200000$$$4500
001 0090235
005 20240502072016.1
041 0 |a slo 
044 |a SK 
245 1 0 |a E-learning - ekonomické vzdelávanie pomocou videokonferenčných systémov  |c Vladislav Mlynčár 
520 |a Videokonferencia - moderný spôsob komunikácie. Pojmy vo videokonferenčnom systéme. Videokonferenčné režimy spojenia - najpoužívanejšie spôsoby spojenia. Skúsenosti z využitia videokonferencií v pedagogickom procese. Výhody videokonferenčného prenosu. 
610 2 0 |a technológie informačné 
610 2 0 |a technológie komunikačné 
610 2 0 |a počítače 
610 2 0 |a internet 
610 2 0 |a konferencie elektronické 
610 2 0 |a vzdelávanie vysokoškolské 
610 2 0 |a vzdelávanie elektronické 
100 1 |a Mlynčár, Vladislav, 1962-